ბათუმის შოთა რუსთაველის სახელმწიფო უნივერსიტეტის ბიბლიოთეკა

დასავლეთის სახელმწიფოთა სისხლის სამართლის პროცესი = Уголовный процесс западных государств / (ბიბ.ჩანაწერი № 39968)

000 -ლიდერი
ფიქსირებული სიგრძის საკონტროლო ველი 01847nam a2200289Ia 4500
001 - საკონტროლო ნომერი
საკონტროლო ველი 6574
003 - საკონტროლო ნომრის იდენტიფიკატორი
საკონტროლო ველი GE_BSU
005 - ბოლო ოპერაციის თარიღი და დრო
საკონტროლო ველი 20230824165110.0
008 - ფიქსირებული სიგრძის მონაცემთა ელემენტები - ზოგადი ინფორმაცია
ფიქსირებული სიგრძის საკონტროლო ველი 181216s2007||||ge |||||||||||||| ||geo||
020 ## - წიგნის საერთაშორისო სტანდარტული ნომერი
International Standard Book Number 99941100048
040 ## - კატალოგიზაციის წყარო
Transcribing agency GE_BSU
041 ## - ენის კოდი
Language code of text/sound track or separate title geo
080 ## - უნივერსალური ათობითი კლასიფიკაციის ინდექსი
Universal Decimal Classification number 343.1(100) გ-99
100 ## - მთავარი ჩანაწერი - პიროვნების სახელი
Personal name გუცენკო, კ.ფ.
9 (RLIN) 19711
245 ## - ცნობა სათაურის შესახებ
Title დასავლეთის სახელმწიფოთა სისხლის სამართლის პროცესი = Уголовный процесс западных государств /
Statement of responsibility, etc კ.ფ. გუცენკო, ლ.ვ. ფილიმონოვი, ბ.ა. ფილიმონოვი ; რუს. თარგმნეს : ირინე ბოხაშვილმა და სხვ. ; რედ. მ. ჩიკვილაძე.
264 ## - წარმოების, გამოცემის, დისტრიბუციის და სხვა ცნობები
გამოცემის, წარმოების, დისტრიბუციის... ადგილი თბილისი :
გამოცემის, წარმოების, დისტრიბუციის... სახელწოდება მერიდიანი :
გამოცემის, წარმოების, დისტრიბუციის... თარიღი 2007.
300 ## - ფიზიკური აღწერა
Extent 600 გვ. ;
Dimensions 20 სმ.
504 ## - BIBLIOGRAPHY, ETC. NOTE
Bibliography, etc ბიბლიოგრაფია ტექსტის შენიშვნებში
520 ## - SUMMARY, ETC.
Summary, etc რეზიუმე რუსულ და ინგლისურ ენებზე
653 ## - INDEX TERM--UNCONTROLLED
Uncontrolled term დასავლეთის სახელმწიფოთა სისხლის სამართლის პროცესი
653 ## - INDEX TERM--UNCONTROLLED
Uncontrolled term საზღვარგარეთის ქვეყნების სისხლის სამართლის პროცესი
700 ## - ADDED ENTRY--PERSONAL NAME
Personal name გოლოვკო, ლ.ვ.
Relator term ავტორი
9 (RLIN) 19712
700 ## - ADDED ENTRY--PERSONAL NAME
Personal name ფილიმონოვი, ბ.ა
Relator term ავტორი
9 (RLIN) 19713
700 ## - ADDED ENTRY--PERSONAL NAME
Personal name ბოხაშვილი, ირინე
Relator term მთარგმნელი
9 (RLIN) 6814
700 ## - ADDED ENTRY--PERSONAL NAME
Personal name ჩიკვილაძე, მ.
Relator term რედაქტორი
9 (RLIN) 12275
942 ## - ADDED ENTRY ELEMENTS (KOHA)
Koha item type წიგნი
Source of classification or shelving scheme
ეგზემპლარები
ჩამოწერის სტატუსი დაკარგული ეგზემპლარის სტატუსი კლასიფიკაციის წყარო ან თაროზე გაწყობის სქემა დაზიანების სტატუსი არ გაიცემა მუდმივი მდებარეობა (დაცვის ადგილი) ამჟამინდელი ადგილსამყოფელი თაროზე განთავსების ადგილი შეძენის თარიღი სრული შენახვის შიფრი შტრიხკოდი ბოლო ოპერაციის თარიღი ეგზემპლარის მიმდევრობითი ნომერი (კეტერი?) ფასის ძალაში შესვლის თარიღი ეგზემპლარის სახეობა
          ბათუმის შოთა რუსთაველის სახელმწიფო უნივერსიტეტის მთავარი ბიბლიოთეკა ბათუმის შოთა რუსთაველის სახელმწიფო უნივერსიტეტის მთავარი ბიბლიოთეკა წიგნსაცავი 2018-12-17 343.1(100) გ-99 22518 2018-12-17 22518 2018-12-17 წიგნი